| LEADER | 01119nam a2200289 u 4500 | ||
|---|---|---|---|
| 001 | 10106094 | ||
| 003 | upatras | ||
| 005 | 20210117204237.0 | ||
| 008 | 010227s eng | ||
| 020 | |a 0 521 37741 2 | ||
| 040 | |a Βιβλιοθήκη ΕΑΙΤΥ |c Βιβλιοθήκη ΕΑΙΤΥ | ||
| 040 | |a XX-XxUND |c Βιβλιοθήκη ΕΑΙΤΥ | ||
| 082 | 0 | 4 | |a 941.508 2 |
| 245 | 1 | 0 | |a Ireland 1912 - 1985 |b Politics and Society |c J.J. Lee |
| 260 | |a New York |b Camridge University Press |c 1998 | ||
| 300 | |a xx, 754 p. | ||
| 500 | |a Ερευνητική Μονάδα 3 | ||
| 650 | 4 | |a ΕΜ3 |9 122124 | |
| 650 | 4 | |a Ireland |9 23799 | |
| 650 | 4 | |a History |9 12601 | |
| 650 | 4 | |a Ιστορία |9 6764 | |
| 650 | 4 | |a Ιρλανδία |9 112380 | |
| 700 | 1 | |a Lee, Joseph |4 aut |9 125901 | |
| 852 | |a GR-PaULI |b ΠΑΤΡΑ |b ΤΜΗΥΠ |t 1 | ||
| 942 | |2 ddc | ||
| 952 | |0 0 |1 0 |2 ddc |4 0 |6 941_508000000000000_2_LEE |7 0 |8 NFIC |9 139528 |a LISP |b LISP |c ALFe |d 2016-04-24 |l 0 |o 941.508 2 LEE |p 025000283991 |r 2016-04-24 00:00:00 |t 1 |w 2016-04-24 |y BK15 |x Μεταφορά από Τμ. Μηχανικών ΗΥ & Πληροφορικής | ||
| 999 | |c 91251 |d 91251 | ||